[Event "44th Marcel Duchamp"]
[Site "Buenos Aires ARG"]
[Date "2013.03.24"]
[Round "3.32"]
[White "Molini,Rodrigo"]
[Black "Fernandez,Jor1"]
[Result "0-1"]
[WhiteElo "2029"]
[BlackElo "2204"]

1.d4 Nf6 2.c4 e6 3.g3 Bb4+ 4.Bd2 a5 5.Nf3 b6 6.Bg2 Bb7 7.O-O O-O 8.Bf4 Be7
9.Nc3 Ne4 10.Qc2 Nxc3 11.Qxc3 d6 12.Qc2 f5 13.Rfd1 Be4 14.Qb3 a4 15.Qc3 Nd7
16.b4 Bf6 17.Rac1 Qe7 18.Qa3 g5 19.Be3 Qg7 20.Ne1 Bxg2 21.Nxg2 e5 22.dxe5 Nxe5
23.Bd4 f4 24.Bxe5 Bxe5 25.Qd3 Qf6 26.Rf1 Rae8 27.Ne1 g4 28.Qd5+ Kh8 29.Nd3 f3
30.exf3 gxf3 31.Rfe1 Qh6 32.h4 Bxg3 33.fxg3 Qd2 34.Qd4+ Re5 35.Qf2 Qxd3 36.Red1 Qf5
37.Re1 Rg8 38.Kh2 Rge8 39.Kg1 Re2 40.Rxe2 Rxe2 41.Qd4+ Qe5  0-1

[Event "Norwegian Open 2013"]
[Site "Fagernes NOR"]
[Date "2013.03.24"]
[Round "5"]
[White "Arvola,B"]
[Black "Rozentalis,E"]
[Result "0-1"]
[WhiteElo "2355"]
[BlackElo "2616"]

1.d4 Nf6 2.c4 e6 3.g3 Bb4+ 4.Bd2 c5 5.Bg2 Qb6 6.d5 exd5 7.cxd5 O-O 8.Nc3 d6
9.Nf3 Bg4 10.O-O Nbd7 11.Re1 Rfe8 12.Qc2 Bxc3 13.bxc3 Ne4 14.Bf4 Ndf6 15.Rab1 Qa6
16.h3 Bd7 17.c4 h6 18.Nh2 b5 19.h4 b4 20.Ra1 Bf5 21.f3 Nxg3 22.e4 Ngh5 23.Bxh6 gxh6
24.exf5 Qa3 25.Kf2 Qc3 26.Qxc3 bxc3 27.Rab1 Kg7 28.Rxe8 Rxe8 29.Rb3 Rb8 30.Ke3 Rb4
31.Bf1 Nf4 32.Bd3 c2 33.Bxc2 Rxc4 34.Be4 N4xd5+ 35.Bxd5 Nxd5+ 36.Kf2 Rc2+
37.Kg3 Rxa2 38.Rd3 Rg2+  0-1

[Event "ch-SRB w 2013"]
[Site "Pirot SRB"]
[Date "2013.03.25"]
[Round "3"]
[White "Rakic,Ma"]
[Black "Zarkovic,M"]
[Result "0-1"]
[WhiteElo "2323"]
[BlackElo "2053"]

1.d4 Nf6 2.c4 e6 3.g3 Bb4+ 4.Bd2 Qe7 5.Bg2 Nc6 6.Nf3 Bxd2+ 7.Nbxd2 e5 8.d5 Nb8
9.e4 d6 10.O-O O-O 11.Ne1 a5 12.Nb1 Nbd7 13.Nc3 Nc5 14.Nc2 Bg4 15.Qd2 Bd7
16.Rae1 Na4 17.Nxa4 Bxa4 18.Ne3 Bd7 19.Qc2 c6 20.f4 exf4 21.gxf4 Rfe8 22.dxc6 bxc6
23.Nd1 Qd8 24.Kh1 Ng4 25.Bf3 Qh4 26.Qg2 h5 27.Qg3 Qxg3 28.hxg3 Rab8 29.Re2 g6
30.Rd2 Be6 31.Bxg4 Bxg4 32.Nc3 Kg7 33.b3 Rbd8 34.Kg2 f5 35.Re1 fxe4 36.Rxe4 Rxe4
37.Nxe4 d5 38.cxd5 cxd5 39.Nc5 Bf5 40.Rd4 Kf6 41.Kf2 Bb1 42.Ra4 Rc8 43.Rxa5 Bxa2
44.b4 Bc4 45.Ra7 Re8 46.Nd7+ Kf5 47.Ne5 Rb8 48.Nc6 Rb6 49.Rf7+ Ke4 50.Re7+ Kd3
51.Re3+ Kd2 52.Ne5 Rxb4 53.Nxg6 Rb1 54.Ra3 d4 55.Ne5 Bb3 56.Ra5 d3 57.Nf3+ Kc3
58.Rc5+ Kb4 59.Rxh5 Rb2+ 60.Ke3 Bd1 61.Ne5 Kc3 62.Rh1 Re2+ 63.Kf3 Re1+ 64.Kg2 Rxh1
65.Kxh1 d2 66.Kh2 Bc2  0-1

[Event "44th Marcel Duchamp"]
[Site "Buenos Aires ARG"]
[Date "2013.03.28"]
[Round "7.3"]
[White "Mareco,S"]
[Black "Slipak,S"]
[Result "1/2-1/2"]
[WhiteElo "2580"]
[BlackElo "2438"]

1.d4 Nf6 2.c4 e6 3.g3 Bb4+ 4.Nd2 c5 5.a3 Bxd2+ 6.Qxd2 cxd4 7.Nf3 d5 8.cxd5 Qxd5
9.Qxd4 Nc6 10.Qxd5 Nxd5 11.b4 b6 12.Bb2 O-O 13.Rc1 Bb7 14.Bg2 Rac8 15.O-O Nce7
16.Nd4 Rxc1 17.Rxc1 Rc8 18.Rxc8+ Nxc8 19.e4 Nc7 20.f3 Ba6 21.Kf2 Kf8 22.a4 Bc4
23.f4 Ke8 24.g4 f6 25.g5 Ne7 26.Nf3 Kf7 27.h4 Nc6 28.b5 Na5 29.Ba3 Bb3 30.Bd6 Ne8
31.Bb8 Bxa4 32.Bf1 Nb3 33.e5 Nc5  1/2-1/2

[Event "LVIII ch-Catarinense 2013"]
[Site "Florianopolis BRA"]
[Date "2013.03.28"]
[Round "1.6"]
[White "Menna Barreto,F"]
[Black "Aguiar,Djalma"]
[Result "1-0"]
[WhiteElo "2291"]
[BlackElo "1972"]

1.d4 Nf6 2.c4 e6 3.g3 Bb4+ 4.Bd2 Qe7 5.Bg2 Nc6 6.Nf3 Bxd2+ 7.Nbxd2 e5 8.d5 Nb8
9.e4 d6 10.O-O Nbd7 11.Ne1 h5 12.h4 a5 13.Nd3 O-O 14.Qe2 Nc5 15.Nxc5 dxc5
16.Nb3 b6 17.Nc1 Bd7 18.Nd3 Rae8 19.b3 Ng4 20.f3 Nf6 21.a3 c6 22.Rfe1 Qd8
23.Qb2 Qc7 24.Rad1 cxd5 25.cxd5 Bb5 26.Bf1 Nd7 27.a4 Ba6 28.d6 Qc8  1-0

[Event "Mexico International Open"]
[Site "Puebla MEX"]
[Date "2013.03.28"]
[Round "3.6"]
[White "Ramirez,Alej"]
[Black "Della Morte,P"]
[Result "1-0"]
[WhiteElo "2535"]
[BlackElo "2358"]

1.d4 Nf6 2.c4 e6 3.g3 Bb4+ 4.Bd2 c5 5.Bg2 Bxd2+ 6.Qxd2 cxd4 7.Nf3 O-O 8.Nxd4 d5
9.cxd5 Nxd5 10.O-O Qe7 11.Nc3 Nxc3 12.Qxc3 e5 13.Qe3 Qe8 14.Nb3 Nc6 15.Rac1 f5
16.Bxc6 bxc6 17.Rc5 e4 18.Rfc1 Rf6 19.Nd4 Bd7 20.Qf4 Qh5 21.h4 Qf7 22.Nxc6 Bxc6
23.Rxc6 Rxc6 24.Rxc6 Qd5 25.Rc7 Qd1+ 26.Kg2 Qxe2 27.Qe5 Qf3+ 28.Kg1  1-0

[Event "O2C Doeberl Cup Premier 2013"]
[Site "Canberra AUS"]
[Date "2013.03.30"]
[Round "6.4"]
[White "Li Chao2"]
[Black "Morris,J"]
[Result "1-0"]
[WhiteElo "2686"]
[BlackElo "2388"]

1.d4 Nf6 2.c4 e6 3.g3 Bb4+ 4.Bd2 Qe7 5.Bg2 O-O 6.Nf3 Nc6 7.O-O Bxd2 8.Qxd2 d6
9.Nc3 e5 10.d5 Nb8 11.b4 a5 12.a3 Na6 13.Qb2 Bd7 14.Nd2 Rfb8 15.e4 c6 16.Rfd1 Qd8
17.Na2 axb4 18.axb4 c5 19.b5 Nc7 20.Nc3 Nh5 21.Bf3 Nf6 22.Nb3 Nfe8 23.Rac1 f5
24.Bg2 Nf6 25.Nd2 Nce8 26.Ra1 g6 27.Rxa8 Rxa8 28.Ra1 fxe4 29.Rxa8 Qxa8 30.Qa2 Qxa2
31.Nxa2 Kf7 32.Nc3 Ke7 33.h3 e3 34.fxe3 Nc7 35.g4 Na8 36.Na4 g5 37.Kf2 Be8
38.Be4 h5 39.Bf5 hxg4 40.hxg4 Bd7 41.Kf3 Bxf5 42.gxf5 e4+ 43.Nxe4 Nxe4 44.Kxe4 Kf6
45.b6 g4 46.Kf4 g3 47.Kxg3 Kxf5 48.Kf3 Ke5 49.e4 Kd4 50.Kf4 Kxc4 51.Kf5 Kb4
52.e5 c4 53.e6 Nxb6 54.Nxb6 c3 55.e7 c2 56.e8=Q c1=Q 57.Qa4+  1-0

[Event "17th Neckar Open"]
[Site "Deizisau GER"]
[Date "2013.03.30"]
[Round "4.11"]
[White "Donchenko,Alexa"]
[Black "Gajewski,G"]
[Result "0-1"]
[WhiteElo "2413"]
[BlackElo "2650"]

1.d4 Nf6 2.c4 e6 3.g3 Bb4+ 4.Bd2 Be7 5.Bg2 d5 6.Nf3 O-O 7.O-O c6 8.Qc2 Nbd7
9.Bf4 a5 10.Nc3 dxc4 11.e4 b5 12.Rad1 Bb7 13.Rd2 Nb6 14.Rfd1 b4 15.Ne2 Ba6
16.Ne5 Qc8 17.g4 Rd8 18.g5 Nfd7 19.Ng4 c3 20.bxc3 Nc4 21.e5 Nxd2 22.Rxd2 c5
23.d5 exd5 24.Bxd5 Nf8 25.Ne3 Ng6 26.Qe4 bxc3 27.Nxc3 Rb8 28.Nf5 Rb4 29.Nxe7+ Nxe7
30.Qf3 Nxd5 31.Nxd5 Rb1+ 32.Rd1 Rxd1+ 33.Qxd1 Qd7  0-1

[Event "Easter Open 2013"]
[Site "Oberhausen GER"]
[Date "2013.03.31"]
[Round "5.2"]
[White "Kaufeld,J"]
[Black "Levin,F"]
[Result "0-1"]
[WhiteElo "2342"]
[BlackElo "2512"]

1.d4 Nf6 2.c4 e6 3.g3 Bb4+ 4.Bd2 c5 5.Bxb4 cxb4 6.Bg2 O-O 7.Nf3 d6 8.O-O a5
9.Nbd2 Nc6 10.Rc1 Rb8 11.Qc2 Qe7 12.e4 b6 13.Rfe1 e5 14.d5 Nd8 15.Re3 Nb7
16.Ne1 Nc5 17.Nd3 Nfd7 18.f4 Ba6 19.Nxc5 Nxc5 20.fxe5 dxe5 21.Bh3 Bc8 22.Bxc8 Rfxc8
23.Qd1 Nb7 24.Qh5 Qc5 25.Re1 f6 26.g4 Qe7 27.Rf1 Nd6 28.Rh3 h6 29.g5 fxg5
30.Qg6 Nf7 31.Rhf3 Nh8 32.Qh5 Qd6 33.Rf5 Rc7 34.b3 Qc5+ 35.R5f2 Rf7 36.Kg2 Rbf8
37.Rxf7 Rxf7 38.Rxf7 Nxf7 39.Qg6 Qd6 40.Qe6 Qxe6 41.dxe6 Nd6 42.Nf3 Kf8 43.Nxe5 Ke7
44.Kf3 Kxe6 45.Nd3 Nb7 46.Ke3 Nc5 47.Ne1 g4 48.Kf4 g5+ 49.Kxg4 Nxe4 50.Kh5 Nc3
51.Kxh6 Kf5 52.Nd3 Nxa2 53.Kg7 Nc3 54.Kf7 Ne4 55.Ke7 Nc5 56.Nb2 Nxb3 57.Kd6 Nc5  0-1

[Event "Norwegian Open 2013"]
[Site "Fagernes NOR"]
[Date "2013.04.02"]
[Round "9"]
[White "Arvola,B"]
[Black "Miezis,N"]
[Result "0-1"]
[WhiteElo "2355"]
[BlackElo "2552"]

1.d4 Nf6 2.c4 e6 3.g3 Bb4+ 4.Bd2 a5 5.Bg2 d5 6.Nf3 O-O 7.O-O b6 8.Ne5 Bb7
9.Qc2 Ne4 10.Bf4 Bd6 11.cxd5 exd5 12.Nc3 Nxc3 13.Qxc3 Re8 14.Rac1 Na6 15.a3 Qe7
16.Nc6 Qd7 17.Bxd6 Qxd6 18.b4 axb4 19.axb4 Rxe2 20.b5 Bxc6 21.Qxc6 Qxc6 22.Rxc6 Nb4
23.Rxc7 g6 24.Rb1 Ra4 25.Rb7 Re6 26.Rd7 Rf6 27.Bxd5 Nxd5 28.Rxd5 Ra2 29.Rf1 Re6
30.Kg2 Rb2 31.Kf3 Rb3+ 32.Kf4 Kg7 33.Re5 Rd6 34.Rd1 Rf6+ 35.Ke4 Rxf2 36.d5 Kf6
37.d6 Re2+ 38.Kf4 Rf2+ 39.Ke4 Re2+ 40.Kd4 Rxe5 41.d7 Ke7 42.Kxe5 Rxb5+ 43.Kf4 Kd8
44.Rd6 h5 45.Ke4 Rb2 46.h3 Rb3 47.Kf4 Rb5 48.Ke4 Rg5 49.Kf4 Rf5+ 50.Ke4 b5
51.g4 hxg4 52.hxg4 Rg5 53.Kf4 Rc5 54.Kf3 b4 55.Rb6 Rc3+ 56.Ke4 Rc4+ 57.Kd5 Rxg4
58.Rb7 Rf4 59.Ke5 Rf5+ 60.Kd4  0-1

[Event "1st Hofheim Open"]
[Site "Hofheim GER"]
[Date "2013.04.02"]
[Round "1.8"]
[White "Will,P"]
[Black "Lobzhanidze,D"]
[Result "0-1"]
[WhiteElo "2081"]
[BlackElo "2448"]

1.d4 Nf6 2.c4 e6 3.g3 Bb4+ 4.Bd2 Be7 5.Bg2 d5 6.Nf3 O-O 7.O-O c6 8.Qc2 Nbd7
9.b3 b6 10.Rd1 Ba6 11.Bc1 Rc8 12.Ba3 c5 13.cxd5 exd5 14.Qb2 Ne4 15.e3 Re8
16.Nbd2 Bf6 17.Rac1 cxd4 18.Nxe4 dxe4 19.Nxd4 Nc5 20.Qd2 Nd3 21.Nc6 Nxc1
22.Nxd8 Ne2+ 23.Kh1 Rexd8 24.Qe1 Bc3 25.Rxd8+ Rxd8 26.Qb1 f5 27.Bb2 Bxb2
28.Qxb2 Rd1+ 29.Bf1 Rxf1+ 30.Kg2 Rg1+ 31.Kh3 g5  0-1

[Event "2nd Martinique Open"]
[Site "Fort-de-France FRA"]
[Date "2013.04.05"]
[Round "6.1"]
[White "Pelletier,Y"]
[Black "Fedorchuk,S"]
[Result "1/2-1/2"]
[WhiteElo "2604"]
[BlackElo "2652"]

1.d4 Nf6 2.c4 e6 3.g3 Bb4+ 4.Bd2 a5 5.Bg2 O-O 6.Nf3 b6 7.Ne5 Ra7 8.O-O d6
9.Nf3 Bxd2 10.Qxd2 Ba6 11.b3 c6 12.Qf4 Re7 13.Rd1 Qc7 14.Nc3 Bc8 15.Qd2 Na6
16.Rac1 Rfe8 17.h3 h6 18.Ne1 Bd7 19.Qb2 Qb8 20.a3 e5 21.dxe5 dxe5 22.b4 e4
23.e3 axb4 24.axb4 Qc8 25.Kh2 Re5 26.Ne2 c5 27.bxc5 bxc5 28.Nc2 Qc7 29.Qa3  1/2-1/2

[Event "2nd Martinique Open"]
[Site "Fort-de-France FRA"]
[Date "2013.04.06"]
[Round "8.9"]
[White "Nardol,Fred"]
[Black "Rapon,K"]
[Result "1-0"]
[WhiteElo "1844"]
[BlackElo "2084"]

1.d4 Nf6 2.c4 e6 3.g3 Bb4+ 4.Bd2 Be7 5.Bg2 d5 6.Nf3 O-O 7.O-O c5 8.dxc5 Bxc5
9.Nc3 Nc6 10.Bg5 d4 11.Ne4 Be7 12.Bxf6 gxf6 13.Qd2 f5 14.Neg5 e5 15.h4 e4
16.Ne1 Ne5 17.b3 Ng4 18.Rd1 e3 19.fxe3 Nxe3 20.Nef3 Nxf1 21.Kxf1 Qd6 22.Kf2 Rd8
23.Nxd4 Bf6 24.e3 Be5 25.Bd5 Bxg3+ 26.Kf3 Be6 27.Ndxe6 fxe6 28.Nxe6 Kh8 29.Nxd8 Rxd8
30.Qg2 Be5 31.Rg1 h6 32.Qg6 Qf6 33.Qxf6+ Bxf6 34.Rg6 Rf8 35.h5 Bg5 36.Bxb7 Re8
37.e4 fxe4+ 38.Bxe4 a5 39.c5 Rf8+ 40.Ke2 Rf4 41.Kd3 Rf2 42.c6 Rd2+ 43.Kc4 Rd8
44.a3 Bc1 45.b4 a4 46.Kb5 Ra8 47.c7 Rc8 48.Kb6  1-0

[Event "TCh-NOR Eliteserien 2012-13"]
[Site "Haraldsheim NOR"]
[Date "2013.04.07"]
[Round "9"]
[White "Pham,To"]
[Black "Nilsen,Jo"]
[Result "0-1"]
[WhiteElo "2100"]
[BlackElo "2229"]

1.d4 Nf6 2.c4 e6 3.g3 Bb4+ 4.Bd2 Qe7 5.Nf3 Nc6 6.Nc3 Bxc3 7.Bxc3 Ne4 8.Rc1 O-O
9.Bg2 d6 10.O-O Nxc3 11.Rxc3 e5 12.d5 Nb8 13.e4 Bg4 14.h3 Bxf3 15.Qxf3 a5
16.Kh2 Na6 17.Qg4 Nc5 18.h4 Rab8 19.Qe2 Qd7 20.Bh3 Qe8 21.b3 b5 22.Rfc1 b4
23.Re3 Qe7 24.f4 Rbe8 25.Re1 a4 26.Qh5 axb3 27.axb3 Ra8 28.fxe5 Qxe5 29.Qxe5 dxe5
30.Rd1 Rfd8 31.Bg2 Ra2 32.Ree1 Kf8 33.Rb1 Ke7 34.Kh3 Rda8 35.Bf3 Nd3 36.Re2 Rxe2
37.Bxe2 Nf2+ 38.Kg2 Nxe4 39.Bd3 Ra2+ 40.Kg1 Nc5 41.Bxh7 g6 42.g4 Kf6 43.h5 Kg7
44.hxg6 fxg6 45.Rf1 Nxb3 46.Re1 Ra1 47.Rxa1 Nxa1 48.c5 b3  0-1

[Event "1st Hofheim Open"]
[Site "Hofheim GER"]
[Date "2013.04.08"]
[Round "9.12"]
[White "Buckels,Valentin"]
[Black "Jacobi,R"]
[Result "1/2-1/2"]
[WhiteElo "1928"]
[BlackElo "2184"]

1.d4 Nf6 2.c4 e6 3.g3 Bb4+ 4.Bd2 Qe7 5.Bg2 Nc6 6.Nf3 Bxd2+ 7.Nbxd2 O-O 8.O-O d6
9.e4 e5 10.d5 Nb8 11.Ne1 a5 12.Nd3 Na6 13.a3 Bg4 14.f3 Bd7 15.b4 c6 16.Qb3 cxd5
17.cxd5 a4 18.Qa2 Bb5 19.Nc4 Bxc4 20.Qxc4 Rfc8 21.Qb5 Qe8 22.Qxe8+ Nxe8 23.Rfc1 Nac7  1/2-1/2

[Event "15th Dubai Open 2013"]
[Site "Dubai UAE"]
[Date "2013.04.10"]
[Round "4.20"]
[White "Krishna,CRG"]
[Black "Adhiban,Baskaran"]
[Result "0-1"]
[WhiteElo "2334"]
[BlackElo "2555"]

1.d4 Nf6 2.c4 e6 3.g3 Bb4+ 4.Bd2 c5 5.Bxb4 cxb4 6.Bg2 O-O 7.e4 d6 8.Ne2 a5
9.O-O e5 10.a3 Na6 11.h3 Re8 12.Re1 Qb6 13.axb4 axb4 14.Qd3 Be6 15.Nd2 exd4
16.Nxd4 Nd7 17.Qe3 Ne5 18.Nxe6 Qxe3 19.Rxe3 fxe6 20.f4 Nc6 21.e5 dxe5 22.Bxc6 exf4
23.Rxe6 Rxe6 24.Bxb7 Rd8 25.Bd5 Nc7 26.Bxe6+ Nxe6 27.Ne4 fxg3 28.Nxg3 Rd2
29.Ra8+ Kf7 30.Ra7+ Kf8 31.Ra8+ Ke7 32.Ra7+ Kd8 33.Ra8+ Kd7 34.b3 Rd3 35.Ne4 Rxb3
36.Ra7+ Kd8 37.Ra8+ Ke7 38.Ra7+ Kf8 39.Rb7 Re3 40.Nd6 Rd3 41.Nf5 g6 42.Ne7 Nd8  0-1

[Event "23rd ch-SLO 2013"]
[Site "Sentjur SLO"]
[Date "2013.04.10"]
[Round "5.10"]
[White "Urbanc,P"]
[Black "Janzelj,T"]
[Result "0-1"]
[WhiteElo "2006"]
[BlackElo "2281"]

1.d4 Nf6 2.c4 e6 3.g3 Bb4+ 4.Bd2 Qe7 5.Bg2 Nc6 6.Nf3 Bxd2+ 7.Nbxd2 d6 8.e4 e5
9.d5 Nb8 10.O-O O-O 11.Qc2 a5 12.b3 Na6 13.Rae1 c6 14.Nb1 b5 15.Qd2 Nc5 16.cxb5 cxb5
17.Nh4 b4 18.Kh1 Ba6 19.Nf5 Qd8 20.Rg1 g6 21.Nh4 Qb6 22.h3 Ne8 23.f4 f6 24.Bf1 a4
25.Bxa6 Rxa6 26.Qe3 Qb5 27.Rgf1 Qd3 28.Qxd3 Nxd3 29.Re3 axb3 30.axb3 Nc5
31.Nd2 Nc7 32.Nc4 Nb5 33.fxe5 fxe5 34.Rxf8+ Kxf8 35.Nf3 Ke7 36.Nfd2 Nd4 37.Kg1 Ra1+
38.Kf2 Ra2 39.Kf1 Rc2 40.Ke1 Ncxb3 41.Nxb3 Rxc4 42.Nd2 Nc2+  0-1

[Event "15th Dubai Open 2013"]
[Site "Dubai UAE"]
[Date "2013.04.13"]
[Round "7.6"]
[White "Michalik,P"]
[Black "Amin,B"]
[Result "1-0"]
[WhiteElo "2535"]
[BlackElo "2641"]

1.d4 Nf6 2.c4 e6 3.g3 Bb4+ 4.Bd2 c5 5.Bxb4 cxb4 6.Bg2 O-O 7.e3 d6 8.Nf3 Nc6
9.O-O e5 10.a3 bxa3 11.Nxa3 e4 12.Nd2 Re8 13.Nb5 Bf5 14.Qb3 Qd7 15.Rfc1 a5
16.c5 d5 17.Nd6 Re7 18.Nb1 h5 19.Nc3 Qe6 20.Ne2 g5 21.h4 Bg4 22.hxg5 Bxe2
23.gxf6 Rd7 24.Re1 Bg4 25.Rf1 Bf3 26.Kh2 a4 27.Bh3 Bg4 28.Qd1 Bxh3 29.Qxh5 Rxd6
30.Qg5+ Kf8 31.Qg7+ Ke8 32.Qg8+ Kd7 33.Qxa8 Bxf1 34.Rxf1 Nxd4 35.Qxb7+ Ke8
36.exd4 Rc6 37.Qa8+ Kd7 38.Qa7+ Ke8 39.Qb8+ Kd7 40.Qb7+ Ke8 41.b4 Qxf6 42.b5 Re6
43.Qxd5 Qf3 44.Qg5 e3 45.c6 e2 46.c7 Qa8 47.Qg8+ Ke7 48.Qxa8  1-0

[Event "10th Balagne Rapid KO"]
[Site "Calvi FRA"]
[Date "2013.04.14"]
[Round "2.2"]
[White "Brethes,F"]
[Black "Fressinet,L"]
[Result "0-1"]
[WhiteElo "2234"]
[BlackElo "2706"]

1.d4 Nf6 2.c4 e6 3.g3 Bb4+ 4.Bd2 a5 5.Nc3 d5 6.cxd5 exd5 7.Nf3 O-O 8.Bg2 Nbd7
9.O-O Re8 10.Rc1 c6 11.Ne1 Nb6 12.Nd3 Bf5 13.Ne5 Nfd7 14.a3 Bf8 15.Nd3 Qf6
16.Be3 Nc4 17.Na4 b5 18.Nac5 Nxc5 19.dxc5 Rxe3 20.fxe3 Nxe3 21.Qd2 Nxf1 22.Rxf1 Qd4+
23.Kh1 Bxd3 24.exd3 Bxc5 25.Qe2 Rf8 26.Re1 g6 27.Bf3 Qf2 28.Qxf2 Bxf2 29.Re7 a4
30.Bd1 Bd4 31.b3 axb3 32.Bxb3 Ra8 33.Kg2 Rxa3 34.Bd1 Rxd3 35.Bg4 b4 36.Rb7 b3
37.Bd7 b2 38.Bxc6 Rd1 39.Bxd5 b1=Q 40.Rxf7 Qe4+  0-1

[Event "15th Dubai Open 2013"]
[Site "Dubai UAE"]
[Date "2013.04.14"]
[Round "8.6"]
[White "Gupta,Ab"]
[Black "Kryvoruchko,Y"]
[Result "1/2-1/2"]
[WhiteElo "2591"]
[BlackElo "2668"]

1.d4 Nf6 2.c4 e6 3.g3 Bb4+ 4.Bd2 Bxd2+ 5.Qxd2 d5 6.Bg2 Nbd7 7.Nf3 c6 8.b3 b6
9.O-O O-O 10.Nc3 Bb7 11.Ne5 Qe7 12.Rad1 Rac8 13.f4 Rfd8 14.Qe3 c5 15.cxd5 Nxd5
16.Nxd5 Bxd5 17.Nxd7 Rxd7 18.dxc5 Bxg2 19.Kxg2 Rxc5 20.Rc1 Rxc1 21.Rxc1 Rc7
22.Rxc7 Qxc7 23.Qe4 g6 24.Qa8+ Kg7 25.Qe4 Kg8 26.Qa8+ Kg7 27.Qe4 Kg8 28.Qa8+  1/2-1/2

[Event "ch-LTU w 2013"]
[Site "Vilnius LTU"]
[Date "2013.04.20"]
[Round "7.1"]
[White "Vanagaite,G"]
[Black "Apanaviciute,K"]
[Result "0-1"]
[WhiteElo "2033"]
[BlackElo "1950"]

1.d4 Nf6 2.c4 e6 3.g3 Bb4+ 4.Bd2 c5 5.Bxb4 cxb4 6.Bg2 O-O 7.Nf3 d6 8.O-O Qc7
9.Nbd2 e5 10.e3 Nc6 11.Qc2 Bg4 12.Rac1 Rac8 13.Rfe1 h6 14.Nb3 Rfe8 15.Nfd2 a5
16.Qd3 a4 17.Na1 Qd7 18.Nc2 exd4 19.Nxd4 Ne5 20.Qf1 d5 21.f3 Be6 22.Nxe6 fxe6
23.f4 Nc6 24.Red1 Qf7 25.Qf3 Qg6 26.Bh3 Rcd8 27.Qe2 d4 28.e4 d3 29.Qe1 Nd4
30.Bf1 Nc2 31.Qf2 Ng4 32.Qb6 Nge3 33.Qxb7 Nxd1 34.Rxd1 Qg4 35.Rc1 h5 36.Qb6 Nd4
37.Qxb4 Ne2+ 38.Bxe2 dxe2 39.Qc3 h4 40.Kf2 Rd7 41.Re1 Red8 42.Rxe2 Rd3 43.Qa5 hxg3+
44.hxg3 Qxg3+ 45.Kf1 Rf8 46.f5 exf5 47.exf5 Qh3+ 48.Ke1 Rxf5 49.Qa8+ Rf8
50.Qe4 Rfd8 51.Kd1 R3d4 52.Qe7 Qf5 53.Kc1 R4d7 54.Qe4 Qh3 55.Kc2 Rd4 56.Qg6 Qd7
57.Qg5 Rxc4+ 58.Kb1 Qd3+  0-1

[Event "Nakhchivan Open A 2013"]
[Site "Nakhchivan AZE"]
[Date "2013.04.23"]
[Round "2.13"]
[White "Papaioannou,I"]
[Black "Morchiashvili,B"]
[Result "1/2-1/2"]
[WhiteElo "2627"]
[BlackElo "2377"]

1.d4 Nf6 2.c4 e6 3.g3 Bb4+ 4.Nd2 d5 5.Bg2 O-O 6.Nf3 b6 7.O-O Bb7 8.a3 Be7
9.cxd5 exd5 10.b4 Nbd7 11.Bb2 Re8 12.b5 Bd6 13.a4 a6 14.e3 axb5 15.axb5 Rxa1
16.Qxa1 Qa8 17.Ne5 Qxa1 18.Rxa1 Ra8 19.Rxa8+ Bxa8 20.Bh3 Nb8 21.Nb1 Kf8 22.f3 Bb7
23.Kf2 Ke8 24.Ba3 Bxa3 25.Nxa3 Ke7 26.Nb1 c6 27.Nc3 cxb5 28.Nxb5 Ne8 29.Nc3 f6
30.Nd3 Nc7 31.Na4 Na8 32.Ke1 Bc6 33.Nc3 Nc7 34.Nb4 Kd6 35.Bf1 Bd7 36.Bd3 h6
37.Nc2 Nc6 38.h4 Ne7 39.Kd2 g5 40.e4 Be8 41.Ne3 Bd7 42.f4 gxh4 43.e5+ fxe5
44.fxe5+ Ke6 45.gxh4 Kf7 46.Bc2 Nc6 47.Ne2 b5 48.h5 Ne7 49.Bb3 Be6 50.Nf4 Ke8
51.Kc3 Kd7 52.Nxe6 Kxe6 53.Kb4 Nc6+ 54.Kc5 Nxe5 55.dxe5 Kxe5 56.Bd1 Kf4 57.Nc2 Kg5
58.Nd4 b4 59.Ba4 b3 60.Kd6 b2 61.Nf3+ Kxh5 62.Nd2 Kg5 63.Kxc7 Kf4 64.Kd6 Ke3
65.Nb1 d4 66.Kd5 h5 67.Kc4 h4 68.Kb3 h3 69.Kxb2 h2 70.Bc6 Ke2 71.Kc1 d3 72.Nd2 Ke1
73.Bf3 Kf2 74.Bb7 Ke1 75.Be4 Ke2 76.Nc4 Kf2 77.Ne5 Ke2 78.Bf3+ Kf2  1/2-1/2

[Event "ch-CHN w 2013"]
[Site "Xinghua CHN"]
[Date "2013.04.23"]
[Round "7.1"]
[White "Tan Zhongyi"]
[Black "Kuang Yinghui"]
[Result "1/2-1/2"]
[WhiteElo "2483"]
[BlackElo "2212"]

1.d4 Nf6 2.c4 e6 3.g3 Bb4+ 4.Bd2 c5 5.Bxb4 cxb4 6.Bg2 O-O 7.Nf3 d6 8.O-O Nc6
9.a3 bxa3 10.Rxa3 e5 11.d5 Nb4 12.Qd2 a5 13.Nc3 b6 14.Ne1 Bd7 15.Nd3 Rc8
16.b3 Qc7 17.Raa1 Nxd3 18.exd3 Qc5 19.Ne2 Rfe8 20.d4 Qc7 21.Rac1 h6 22.h3 exd4
23.Nxd4 Ne4 24.Qc2 Nc5 25.Rfd1 Na6 26.Qd2 Nb4 27.g4 Qc5 28.Rc3 Re7 29.Rg3 a4
30.bxa4 Qxc4 31.g5 h5 32.g6 fxg6 33.Qg5 Rf7 34.Qxg6 Nxd5 35.Qxd6 Nf4 36.Bf1 Qxa4
37.Nf3 Rc6 38.Qb8+ Rc8 39.Qd6 Rc6 40.Qb8+ Rc8 41.Qd6  1/2-1/2

[Event "Maharashtra Chess League 2013"]
[Site "Pune IND"]
[Date "2013.04.26"]
[Round "4"]
[White "Laxman,R"]
[Black "Lalith,B"]
[Result "0-1"]
[WhiteElo "2429"]
[BlackElo "2565"]

1.d4 Nf6 2.c4 e6 3.g3 Bb4+ 4.Bd2 c5 5.Bxb4 cxb4 6.Nd2 O-O 7.Bg2 d6 8.e3 Qe7
9.Ne2 e5 10.O-O Bg4 11.f3 Bh5 12.e4 a5 13.a3 Na6 14.Kh1 Rfc8 15.a4 Nc7 16.Bh3 Rd8
17.Bf5 Ne6 18.Nb3 Bg6 19.Bxg6 hxg6 20.d5 Nf8 21.Qd3 b6 22.Qe3 N8d7 23.Kg2 Rac8
24.Nd2 Nc5 25.b3 Rf8 26.Ng1 Nh7 27.f4 exf4 28.gxf4 Rfe8 29.Rae1 Nf6 30.e5 dxe5
31.fxe5 Ng4 32.Qg3 Qg5 33.Re2 Qh5 34.Ngf3 Nd3 35.Re4 f5 36.exf6 Nxf6 37.Rh4 Re2+
38.Kg1 Qf5 39.Ng5 Rf2 40.Rxf2 Nxf2 41.Rf4 Qxg5 42.Rxf2 Qh5 43.Qf3 Qh4 44.Qf4 Qh3
45.Rf3 Qh5 46.Ne4 Nxe4 47.Qxe4 Qg5+ 48.Rg3 Qc1+ 49.Kg2 Qd2+ 50.Kh1 Rf8 51.Qe6+ Rf7
52.Qe8+ Rf8 53.Qxg6 Rf1+ 54.Rg1 Rxg1+ 55.Qxg1 Qd3 56.Qe1 Qxb3 57.Qe6+ Kh7
58.d6 Qd1+ 59.Kg2 Qd2+ 60.Kg3 Qd3+ 61.Kf4 b3 62.Qd5 Qf1+ 63.Kg4 Qg1+ 64.Kh3 Qe3+
65.Kg4 Qg1+ 66.Kf3 Qf1+ 67.Ke3 b2 68.Qh5+ Kg8 69.Qe8+ Kh7 70.Qh5+ Kg8 71.Qe8+ Qf8
72.d7 b1=Q  0-1

[Event "48th Capablanca Open II 2013"]
[Site "Havana CUB"]
[Date "2013.04.27"]
[Round "6.10"]
[White "Munoz Perez,R"]
[Black "Chavez Estevez,Hayler David"]
[Result "1-0"]
[WhiteElo "2195"]
[BlackElo "2157"]

1.d4 Nf6 2.c4 e6 3.g3 Bb4+ 4.Bd2 Qe7 5.Bg2 O-O 6.e4 d5 7.f3 dxc4 8.Qc2 Bxd2+
9.Nxd2 c5 10.dxc5 Qxc5 11.Qxc4 Qb6 12.Qb3 Qa5 13.Ne2 Rd8 14.Qc3 Qa6 15.Nd4 e5
16.N4b3 Nc6 17.Bf1 Qb6 18.Nc4 Qc7 19.Be2 Bh3 20.Ne3 Rac8 21.Rc1 Qb8 22.Kf2 Nd4
23.Qb4 Nxe2 24.Kxe2 b6 25.Rhd1 a5 26.Rxc8 Rxc8 27.Qd6 a4 28.Nc1 Be6 29.a3 b5
30.Qxb8 Rxb8 31.Nd3 Bc4 32.Nxc4 bxc4 33.Nxe5 Rxb2+ 34.Ke3 g6 35.Rd8+ Kg7
36.Nxc4 Rxh2 37.e5 Nh5 38.g4 Ng3 39.Rd7 g5 40.Nd6 Re2+ 41.Kd4 Kg6 42.Rxf7 Rd2+
43.Kc5 Ne2 44.Rf6+ Kg7 45.Nf5+ Kg8 46.e6 Rc2+ 47.Kb4 Nc3 48.Ne3 Re2 49.e7 Rxe3
50.Rf8+ Kg7 51.e8=Q Nd5+ 52.Kxa4 Rxe8 53.Rxe8 Nf6 54.Re7+ Kg6 55.Re6 Kf7
56.Rxf6+ Kxf6 57.Kb5 Ke5 58.a4 Kf4 59.a5 Kxf3 60.a6 Kxg4 61.a7 h5 62.a8=Q h4
63.Qg2+ Kf4 64.Qh3  1-0

[Event "TCh-CZE Extraliga 2012-13"]
[Site "Czech Republic CZE"]
[Date "2013.04.28"]
[Round "11.4"]
[White "Hausner,I"]
[Black "Hracek,Z"]
[Result "1/2-1/2"]
[WhiteElo "2407"]
[BlackElo "2615"]

1.d4 Nf6 2.c4 e6 3.g3 Bb4+ 4.Bd2 Qe7 5.Bg2 Nc6 6.Nf3 Bxd2+ 7.Nbxd2 d6 8.e4 a5
9.O-O e5 10.d5 Nb8 11.Ne1 O-O 12.Nd3 Na6 13.Qe2 Nb4 14.Nxb4 axb4 15.Qd3 c5
16.a3 bxa3 17.Rxa3 Rxa3 18.Qxa3  1/2-1/2

[Event "Nakhchivan Open A 2013"]
[Site "Nakhchivan AZE"]
[Date "2013.04.28"]
[Round "6.9"]
[White "Papaioannou,I"]
[Black "Miezis,N"]
[Result "1/2-1/2"]
[WhiteElo "2627"]
[BlackElo "2556"]

1.d4 Nf6 2.c4 e6 3.g3 Bb4+ 4.Nd2 c5 5.a3 Bxd2+ 6.Qxd2 cxd4 7.Nf3 b6 8.Nxd4 Bb7
9.f3 O-O 10.Bg2 d5 11.cxd5 Nxd5 12.e4 Ne7 13.O-O e5 14.Nc2 Nbc6 15.Qxd8 Rfxd8
16.Be3 Na5 17.Rad1 Nec6 18.Rfe1 Ba6 19.f4 Bd3 20.Nb4 Nxb4 21.axb4 Nc6 22.Rd2 Ba6
23.Ra1 Bb5 24.fxe5 Rxd2 25.Bxd2 Nxe5 26.Bc3 f6 27.Rd1 Re8 28.Rd5 Bc4 29.Rd1 Be2
30.Ra1 Re7 31.Kf2  1/2-1/2

[Event "ch-FRA Junior 2013"]
[Site "Saint-Paul-Trois-Chateaux FRA"]
[Date "2013.04.28"]
[Round "1.12"]
[White "Muller,Anthony"]
[Black "Paugam,Thibaud"]
[Result "1-0"]
[WhiteElo "2060"]
[BlackElo "1595"]

1.d4 e6 2.c4 Nf6 3.g3 Bb4+ 4.Nd2 O-O 5.Bg2 d5 6.Qb3 Nc6 7.Nf3 dxc4 8.Qxc4 Qd5
9.O-O Bxd2 10.Qxd5 exd5 11.Bxd2 Ne4 12.Bf4 Bg4 13.Bxc7 Bxf3 14.exf3 Nd2 15.Rfd1 Nc4
16.b3 Na3 17.Bd6 Nc2 18.Bxf8 Nxa1 19.Bxg7 Nxb3 20.Bf6 Nba5 21.f4 Nb4 22.a3 Nc2
23.Rc1 Nxa3 24.Bxd5 Nb5 25.Rc5 a6 26.Be4 Re8 27.Rg5+ Kf8 28.Bxh7 Re1+ 29.Kg2 Ke8
30.Bf5 Kf8 31.Rh5  1-0

[Event "Llucmajor Open 2013"]
[Site "Llucmajor ESP"]
[Date "2013.05.01"]
[Round "4.6"]
[White "Shen,Y"]
[Black "Levin,F"]
[Result "0-1"]
[WhiteElo "2174"]
[BlackElo "2507"]

1.d4 Nf6 2.c4 e6 3.g3 Bb4+ 4.Bd2 c5 5.Bxb4 cxb4 6.Bg2 O-O 7.e4 d6 8.Qd2 a5
9.a3 Na6 10.axb4 axb4 11.Ne2 Qc7 12.b3 e5 13.O-O Bg4 14.f3 Bd7 15.f4 exd4
16.Qxd4 Bg4 17.Nc1 Qc5 18.Qf2 Qxf2+ 19.Kxf2 Nc5 20.Rxa8 Rxa8 21.Nd2 Bd7 22.h3 Bc6
23.Rd1 Kf8 24.g4 h6 25.Ne2 Ra3 26.Nd4 Nfxe4+ 27.Bxe4 Bxe4 28.Ke3 Bg2 29.Rg1 Bc6
30.Nc2 Ra8 31.Rg3 Ra2 32.Nxb4 Rxd2 33.Kxd2 Ne4+ 34.Ke3 Nxg3 35.Nxc6 bxc6
36.Kf3 Nf1 37.Ke2 Nh2 38.Kf2 c5 39.g5 hxg5 40.fxg5 Ke7 41.Kg2 Ke6 42.Kxh2 Kf5
43.Kg3 Kxg5 44.Kf3 Kh4 45.Ke4 Kxh3 46.Kd5 g5 47.Kxd6 g4 48.b4 g3 49.bxc5 g2
50.c6 g1=Q 51.c7 Qg4  0-1